000 00533nam a22001817a 4500
005 20251108173627.0
008 250721s2001 xx 000 0 ara d
082 1 4 _a210.9/رسو
100 1 _aرسول، رسول محمد
245 1 0 _aالغرب والاسلام /
264 1 _aبيروت :
_bالمؤسسة العربيةللدراسات والنشر،
_c2001.
300 _a154ص.
650 1 7 _aالاسلام
650 1 7 _aالغرب
650 1 7 _aالثقافة ا لغربية
942 _2ddc
_cBK
999 _c108466
_d108466